000 00411nam a2200181Ia 4500
001 24041
005 20260414151017.0
008 260414t2002||||xx |||||||||||||| ||spa||
041 _aESP
082 _a759
_bD45
100 _aGrowe, Bernd
_eAUT
245 0 _aEdgar Degas :
_b1834-1917
260 _c2002
300 _a96 páginas :
_c23 cm.
650 _aABD
654 _aCAU
942 _cLIB
_dJUS
_fJUS
_2ddc
_n
999 _c24041
_d24041